Biochar for environmental management : science and technology /

Bibliographic Details
Other Authors: Lehmann, Johannes, Dr, Joseph, Stephen, 1950-
Format: Book
Language:English
Published: London ; Sterling, VA : Earthscan, 2009.
Subjects:

MARC

Tag First Indicator Second Indicator Subfields
LEADER 00000cam a22000004a 4500
001 in00002498921
005 20151111052502.0
008 080926s2009 enka b 001 0 eng
010 |a  2008040656 
015 |a GBA8C9110  |2 bnb 
016 7 |a 014800241  |2 Uk 
019 |a 271774079 
020 |a 9781844076581 (hardback) 
020 |a 184407658X (hardback) 
029 1 |a AU@  |b 000043488018 
029 1 |a BWK  |b L5813650 
029 1 |a NZ1  |b 12873528 
029 1 |a CDX  |b 8876264 
029 1 |a NLGGC  |b 317770934 
029 1 |a IG#  |b 9781844076581 
035 |a (OCoLC)ocn259754287 
035 |a (OCoLC)259754287  |z (OCoLC)271774079 
040 |a DNAL/DLC  |c DLC  |d BTCTA  |d YDXCP  |d BWKUK  |d BWK  |d CDX  |d UKM  |d IG#  |d UtOrBLW 
042 |a pcc 
049 |a TXAM 
050 0 0 |a TP331  |b .B56 2009 
070 0 |a TP331  |b .B56 2009 
082 0 0 |a 631.4/22  |2 22 
245 0 0 |a Biochar for environmental management :  |b science and technology /  |c edited by Johannes Lehmann and Stephen Joseph. 
264 1 |a London ;  |a Sterling, VA :  |b Earthscan,  |c 2009. 
300 |a xxxii, 416 pages :  |b illustrations ;  |c 26 cm. 
336 |a text  |b txt  |2 rdacontent 
337 |a unmediated  |b n  |2 rdamedia 
338 |a volume  |b nc  |2 rdacarrier 
504 |a Includes bibliographical references and index. 
505 0 |a Biochar for environmental management : an introduction / Johannes Lehmann, Stephen Joseph -- Physical properties of biochar / Adriana Downie, Alan Crosky, Paul Munroe -- Characteristics of biochar : micro-chemical properties / James Amonette, Stephen Joseph -- Characteristics of biochar : organo-chemical properties / Evelyn S. Krull ... [et al.] -- Biochar : nutrient properties and their enhancement / K. Yin Chan, Z. Hiu Xu -- Characteristics of biochar : biological properties / Janice E. Thies, Matthias C. Rillig -- Developing a biochar classification and test methods / Stephen Joseph ... [et al.] -- Biochar production technology / Robert Brown -- Biochar systems / Johannes Lehmann, Stephen Joseph -- Changes of biochar in soil / Karen Hammes, Michael W.I. Schmidt -- Stability of biochar in soil / Johannes Lehmann ... [et al.] -- Biochar application to soil / Paul Blackwell, Glen Riethmuller, Mike Collins -- Biochar and emissions of non-CO2 greenhouse gases from soil / Lukas Van Zwieten ... [et al.] -- Biochar effects on soil nutrient transformations / Tom H. DeLuca, M. Derek MacKenzie, Michael J. Gundale -- Biochar effects on nutrient leaching / Julie Major ... [et al.] -- Biochar and sorption of organic compounds / Ronald J. Smernik -- Test procedures for determining the quantity of biochar within soils / David A.C. Manning, Elisa Lopez-Capel -- Biochar, greenhouse gas accounting and emissions trading / John Gaunt, Annette Cowie -- Economics of biochar production, utilisation and emissions / Bruce A. McCarl ... [et al.] -- Socio-economic assessment and implementation of small scale biochar projects / Stephen Joseph -- Taking biochar to market : some essential concepts for commercial success / Mark Glover -- Policy to address the threat of dangerous climate change : a leading role for biochar / Peter Read. 
650 0 |a Charcoal. 
650 0 |a Soil amendments. 
650 0 |a Environmental management. 
700 1 |a Lehmann, Johannes,  |c Dr. 
700 1 |a Joseph, Stephen,  |d 1950- 
938 |a Baker and Taylor  |b BTCP  |n BK0008088372 
938 |a YBP Library Services  |b YANK  |n 2960784 
938 |a Blackwell Book Service UK  |b BBUK  |n L5813650  |c 49.95 
938 |a Coutts Information Services  |b COUT  |n 8876264 
938 |a Ingram  |b INGR  |n 9781844076581 
945 |a PromptCat  |b 773741 
946 |a stk 
947 |a A14840131911 
994 |a 92  |b TXA 
948 |a cataloged  |b h  |d 2009/9/2  |h c  |e asalazar  |f 11:51:04 am 
999 |a MARS 
999 f f |s cc4232a1-95a4-3686-91b1-36208671fb5a  |i f99fb14c-7483-3017-b291-e33cc70f5764  |t 0 
952 f f |p normal  |a Texas A&M University  |b College Station  |c Sterling C. Evans Library  |d Evans: Library Stacks  |t 0  |e TP331 .B56 2009  |h Library of Congress classification  |i unmediated -- volume  |m A14840131911 
998 f f |a TP331 .B56 2009  |t 0  |l Evans: Library Stacks